000 00790nam a2200241Ia 4500
003 OSt
005 20220523152031.0
008 210716s2009 xx 000 0 und d
020 _a9780070620193
040 _cAIMIT LIBRARY
041 _aeng
082 _a001.42
_bCOOD
_29
100 _aCooper, Donald R.
_911592
245 _aBusiness research methods /
_cBy Donald R Cooper and Pamela S Schindler.
250 _a9th ed.
260 _aNew Delhi :
_bTata McGraw Hill Publishing Company Ltd ,
_c2009 .
300 _axxiii,757p. ;
_c23.5 cm
650 _aAnalysis and presentation of data
_911593
650 _aBusiness research requests and proposals
_938573
650 _aCollection of data.
_911600
700 _aSchindler, Pamela S.
_911601
942 _2ddc
_cBK
_e9th
_k001.42 COOD
999 _c202592
_d202592